| 000 | 00638nam a22001931i 4500 | ||
|---|---|---|---|
| 001 | 000030690 | ||
| 003 | RuMoIPM | ||
| 005 | 20260601102908.0 | ||
| 008 | 130415s1954----ur | c rus | ||
| 040 |
_aRuMoIPM _brus _ercr |
||
| 041 | 0 | _arus | |
| 080 | _a511.11(07) | ||
| 100 | 1 | _aАндронов, Иван Козьмич | |
| 245 | 1 |
_aАрифметика натуральных чисел _bПособие для сред. школ _cИ. К. Андронов |
|
| 260 |
_aМосква _bУчпедгиз _c1954 |
||
| 300 |
_a192 с. _bил. |
||
| 500 | _aПеред загл. авт.: проф. И.К. Андронов | ||
| 942 | _cBK | ||
| 999 |
_c30690 _d30690 |
||